Globalización y desarrollo / (Registro nro. 8618)
[ vista simple ]
| 000 -LEADER | |
|---|---|
| fixed length control field | 01613nam a2200229Ia 4500 |
| 003 - CONTROL NUMBER IDENTIFIER | |
| control field | OSt |
| 005 - DATE AND TIME OF LATEST TRANSACTION | |
| control field | 20211026154627.0 |
| 008 - FIXED-LENGTH DATA ELEMENTS--GENERAL INFORMATION | |
| fixed length control field | 210310s2002 cl ad fr 100 0 spa d |
| 040 ## - CATALOGING SOURCE | |
| Original cataloging agency | CO-JMCR |
| Transcribing agency | CO-JMCR |
| 041 0# - LANGUAGE CODE | |
| Language code of text/sound track or separate title | spa |
| 082 04 - DEWEY DECIMAL CLASSIFICATION NUMBER | |
| Classification number | 338.98 / |
| Item number | S493g |
| Edition number | 23 |
| 111 2# - MAIN ENTRY--MEETING NAME | |
| Meeting name or jurisdiction name as entry element | Sesiones de la CEPAL |
| Number of part/section/meeting | (29° : |
| Date of meeting or treaty signing | 2002 : |
| Location of meeting | Brasilia, Brasil) |
| 9 (RLIN) | 41307 |
| 245 10 - TITLE STATEMENT | |
| Title | Globalización y desarrollo / |
| Statement of responsibility, etc. | Comisión Económica para América Latina y el Caribe CEPAL |
| Remainder of title | Vigesimonoveno período de sesiones Brasilia, Brasil 6 al 9 de mayo de 2002 |
| 260 ## - PUBLICATION, DISTRIBUTION, ETC. | |
| Place of publication, distribution, etc. | [Santiago] : |
| Name of publisher, distributor, etc. | Naciones Unidas : CEPAL, |
| Date of publication, distribution, etc. | 2002 |
| 300 ## - PHYSICAL DESCRIPTION | |
| Extent | 396 páginas : |
| Other physical details | ilustraciones y gráficas a blanco y negro ; |
| Dimensions | 28 cm. |
| 500 ## - GENERAL NOTE | |
| General note | Incluye notas a pie de página.<br/> |
| 504 ## - BIBLIOGRAPHY, ETC. NOTE | |
| Bibliography, etc. note | Bibliografía: páginas 375-396 |
| 505 0# - FORMATTED CONTENTS NOTE | |
| Formatted contents note | El carácter histórico y multidimensional de la globalización -- Las dimensiones económicas de la globalización -- Desigualdades y asimetrías del orden global -- Una agenda para la era global -- Vulnerabilidad externa y política macroeconómica -- La inserción de América Latina y el Caribe en los circuitos comerciales y productivos globales -- Fortalecimiento de los sistemas de innovación y el desarrollo tecnológico -- La migración internacional y la globalización -- Globalización y sostenibilidad ambiental -- Globalización y desarrollo social -- Los efectos de la globalización en las economías del Caribe pertenecientes a la CARICOM |
| 651 #4 - SUBJECT ADDED ENTRY--GEOGRAPHIC NAME | |
| Geographic name | América Latina |
| General subdivision | Condiciones económicas |
| -- | Estadísticas |
| 9 (RLIN) | 41303 |
| 651 #4 - SUBJECT ADDED ENTRY--GEOGRAPHIC NAME | |
| Geographic name | Caribe (Región) |
| General subdivision | Condiciones económicas |
| -- | Estadísticas |
| 9 (RLIN) | 41304 |
| 942 ## - ADDED ENTRY ELEMENTS (KOHA) | |
| Source of classification or shelving scheme | Dewey Decimal Classification |
| Koha item type | Books |
| Withdrawn status | Lost status | Source of classification or shelving scheme | Damaged status | Not for loan | Collection code | Home library | Current library | Date acquired | Source of acquisition | Full call number | Barcode | Date last seen | Copy number | Koha item type | Total Checkouts | Price effective from |
|---|---|---|---|---|---|---|---|---|---|---|---|---|---|---|---|---|
| Dewey Decimal Classification | Non-fiction | Biblioteca Pública José María del Castillo y Rada | Biblioteca Pública José María del Castillo y Rada | 04/15/2018 | Donación | 338.98 / S493g | 430005138 | 05/16/2024 | Ej.1 | Books | ||||||
| Dewey Decimal Classification | Non-fiction | Biblioteca Pública José María del Castillo y Rada | Biblioteca Pública José María del Castillo y Rada | 04/15/2018 | Donación | 338.98 / S493g | 430005137 | 05/16/2024 | Ej.2 | Books | 10/26/2021 |